Materias
Guardado en:
| Formato: | Libro |
|---|---|
| Lenguaje: | español |
| Publicado: |
Santiago
Universitaria
1978
|
| Colección: | Colección. Letras de América
|
| Materias: | |
| Etiquetas: |
Agregar Etiqueta
Sin Etiquetas, Sea el primero en etiquetar este registro!
|
MARC
| LEADER | 00000nam a2200000 a 4500 | ||
|---|---|---|---|
| 001 | UCQ6574 | ||
| 003 | CL-VaPUC | ||
| 008 | 981016e19780000CL |||||||||||||||||spa|d | ||
| 082 | 0 | 4 | |a Ch863 |b MIS |2 21 |
| 245 | 1 | 0 | |a Materias |
| 300 | |a 412 p | ||
| 942 | |c BK | ||
| 945 | |d 19981016 00:00:00 |a lriquelm | ||
| 260 | |a Santiago |b Universitaria |c 1978 | ||
| 650 | 0 | |a Literatura chilena |9 308278 | |
| 650 | 0 | |a Prosa chilena |9 267787 | |
| 583 | |a last modification |c 19981016 00:00:00 |k Rodrigo Vera | ||
| 490 | 0 | |a Colección. Letras de América | |
| 999 | |c 276524 |d 276522 | ||
| 952 | |0 0 |1 0 |4 0 |6 CH_863_000000000000000_MIS_1978 |7 0 |8 A |9 313799 |a BIBEDU |b BIBEDU |c ES_NOD |d 2019-11-20 |i 148303K |o Ch863 MIS 1978 |p 148303K |r 2023-08-09 |w 2019-11-20 |y BK |k LIT | ||